[Event "Baguio City Wch"]
[Site "?"]
[Date "1978.??.??"]
[Round "?"]
[White "Korchnoi Viktor"]
[Black "Karpov Anatoly"]
[Result "1-0"]
[WhiteElo "2665"]
[BlackElo "2725"]
[PlyCount "101"]
[EventDate "1978.??.??"]
[Source "www.chesslib.no"]
[SourceDate "2004.05.04"]

1. g3 c5 2. Bg2 Nc6 3. e4 g6 4. d3 Bg7 5. f4 d6 6. Nf3 Nf6 7. O-O O-O 8. c3 Rb8 9. Qe2 Ne8 10. Be3 Nc7 11. d4 cxd4 12. cxd4 Bg4 13. Rd1 d5 14. e5 Qd7 15. Nc3 Rfc8 16. Qf1 b5 17. h3 Bxf3 18. Bxf3 b4 19. Bg4 e6 20. Na4 Na5 21. Nc5 Qe8 22. Be2 Nb7 23. Nxb7 Rxb7 24. Rdc1 Qd7 25. Rc2 b3 26. axb3 Rxb3 27. Qc1 Rb7 28. Ba6 Rcb8 29. Bxb7 Rxb7 30. Ra3 h6 31. Rac3 Nb5 32. Rc8+ Kh7 33. R2c6 f6 34. Kg2 Qf7 35. Qc2 a5 36. g4 fxe5 37. fxe5 a4 38. Ra8 Na7 39. Ra6 Qe7 40. Rxa4 Rc7 41. Qb3 Nc6 42. Ra1 Nb4 43. Rc1 Rc4 44. Rb8 Rxc1 45. Bxc1 Qc7 46. Rxb4 Qxc1 47. Qd3 h5 48. Rb6 Bh6 49. gxh5 Qg5+ 50. Qg3 Qd2+ 51. Qf2 1-0

[Event "Playchess"]
[Site "?"]
[Date "2005.04.29"]
[Round "?"]
[White "Nakamura Hikaru"]
[Black "Karjakin Sergey"]
[Result "0-1"]
[WhiteElo "2657"]
[BlackElo "2635"]
[PlyCount "64"]
[EventDate "2005.??.??"]
[Source "www.chesslib.no"]
[SourceDate "2004.05.04"]

1. e4 c5 2. Qh5 Nf6 3. Qh4 Nc6 4. c3 d5 5. d3 e5 6. Bg5 Be7 7. Nd2 h6 8. Ngf3 O-O 9. Bxh6 Nxe4 10. Qh5 g6 11. Bxf8 Qxf8 12. dxe4 gxh5 13. exd5 Nd8 14. Nxe5 Bf6 15. Nef3 Qe7+ 16. Be2 Bf5 17. Kf1 b6 18. Nc4 Nb7 19. h3 Nd6 20. Ne3 Re8 21. g4 hxg4 22. hxg4 Bg6 23. Re1 Ne4 24. Bb5 Rd8 25. Bc6 Qd6 26. Kg2 Qf4 27. Nf1 Qxg4+ 28. Ng3 Nxg3 29. fxg3 Be4 30. Rhf1 Be5 31. Rxe4 Qxe4 32. Re1 Qc2+ 0-1

[Event "Playchess"]
[Site "?"]
[Date "2005.04.29"]
[Round "?"]
[White "Nakamura Hikaru"]
[Black "Karjakin Sergey"]
[Result "1-0"]
[WhiteElo "2657"]
[BlackElo "2635"]
[PlyCount "103"]
[EventDate "2005.??.??"]
[Source "www.chesslib.no"]
[SourceDate "2004.05.04"]

1. e4 c5 2. Qh5 e6 3. f4 Nc6 4. c3 d5 5. d3 g6 6. Qf3 Bg7 7. g4 Nge7 8. Ne2 b5 9. Ng3 b4 10. h4 Qa5 11. e5 f6 12. h5 fxe5 13. h6 Bf8 14. fxe5 Nxe5 15. Qf6 Nf7 16. Bg2 Qc7 17. O-O Ng8 18. Qf2 Ngxh6 19. g5 Nf5 20. Nxf5 gxf5 21. c4 Bd6 22. cxd5 e5 23. Nd2 Nxg5 24. Nc4 Rg8 25. Bxg5 Rxg5 26. Rae1 Ba6 27. Qf4 Rxg2+ 28. Kxg2 Bxc4 29. dxc4 O-O-O 30. Qxf5+ Kb8 31. Rf3 e4 32. Rxe4 Qg7+ 33. Rg4 Qxb2+ 34. Rf2 Qc3 35. Qf6 Qxf6 36. Rxf6 a5 37. Re4 a4 38. Ree6 Kc7 39. Rf7+ Rd7 40. Rxd7+ Kxd7 41. Rh6 Be5 42. Rxh7+ Ke8 43. Ra7 b3 44. axb3 axb3 45. Rb7 b2 46. Kf3 Kd8 47. Ke4 Kc8 48. Rb3 Bd4 49. d6 Kd7 50. Kd5 Bc3 51. Rb7+ Kc8 52. Kc6 1-0

[Event "LXI Lega superiore camp. russo"]
[Site "Novokuznetsk RUS"]
[Date "2008.09.13"]
[Round "10"]
[White "Zvjaginsev, V."]
[Black "Kobalia, M."]
[Result "0-1"]
[WhiteElo "2663"]
[BlackElo "2618"]
[PlyCount "82"]
[EventDate "2008.09.03"]
[Source "www.chesslib.no"]
[SourceDate "2004.05.04"]

1. e4 c5 2. Na3 g6 3. g3 Bg7 4. Bg2 Nc6 5. d3 d6 6. f4 Nf6 7. Nf3 O-O 8. O-O Rb8 9. Nc4 b5 10. Ne3 Ng4 11. Nd5 e6 12. Nc3 b4 13. Ne2 a5 14. h3 Nf6 15. g4 c4 16. Be3 Ba6 17. Rc1 Rc8 18. Rf2 e5 19. g5 cxd3 20. cxd3 exf4 21. Nxf4 Nd7 22. Rfc2 Bb7 23. Nd5 Re8 24. Qd2 Nc5 25. Nf6+ Bxf6 26. gxf6 Qxf6 27. Rf1 Qe7 28. Nh2 f5 29. Bg5 Qg7 30. Bh6 Qd4+ 31. Be3 Qxd3 32. Bxc5 Qxd2 33. Rxd2 dxc5 34. exf5 Ba6 35. Rd6 Bxf1 36. Bxc6 Bxh3 37. Bxe8 Rxe8 38. fxg6 Re2 39. gxh7+ Kxh7 40. Nf3 Rg2+ 41. Kh1 Rxb2 0-1

[Event "Lowell, MA"]
[Site "?"]
[Date "2003.02.09"]
[Round "5"]
[White "Ibragimov Ildar"]
[Black "Kudrin Sergey"]
[Result "1/2-1/2"]
[WhiteElo "2665"]
[BlackElo "2615"]
[PlyCount "94"]
[EventDate "2003.??.??"]
[Source "www.chesslib.no"]
[SourceDate "2004.05.04"]

1. e4 c5 2. d3 Nc6 3. g3 g6 4. Bg2 Bg7 5. f4 d6 6. Nf3 e5 7. Nc3 Nge7 8. O-O exf4 9. Bxf4 h6 10. Nb5 Ne5 11. Nxe5 dxe5 12. Be3 b6 13. Qd2 Be6 14. Rf2 Qd7 15. Nc3 h5 16. Bg5 O-O 17. Raf1 Kh7 18. h3 Ng8 19. g4 f6 20. Be3 hxg4 21. hxg4 Bxg4 22. Bf3 Bxf3 23. Rxf3 Ne7 24. Qh2+ Kg8 25. Bh6 Bxh6 26. Qxh6 Qg4+ 27. Kh2 Qg5 28. Qxg5 fxg5 29. Rxf8+ Rxf8 30. Rxf8+ Kxf8 31. Nb5 Nc6 32. c3 Ke7 33. Kg3 Nd8 34. Nxa7 Kd7 35. Nb5 Ne6 36. Na3 Nf4 37. Nc4 b5 38. Nxe5+ Ke6 39. d4 cxd4 40. cxd4 Ne2+ 41. Kg4 Nxd4 42. Nd3 Kf6 43. b3 Nc6 44. a4 bxa4 45. bxa4 Na5 46. e5+ Ke6 47. Kxg5 Nc6 1/2-1/2

[Event "LXI Lega superiore camp. russo"]
[Site "Novokuznetsk RUS"]
[Date "2008.09.11"]
[Round "8"]
[White "Zvjaginsev, V."]
[Black "Khismatullin, D."]
[Result "1/2-1/2"]
[WhiteElo "2663"]
[BlackElo "2613"]
[PlyCount "69"]
[EventDate "2008.09.03"]
[Source "www.chesslib.no"]
[SourceDate "2004.05.04"]

1. e4 c5 2. Na3 g6 3. g3 Bg7 4. Bg2 Nc6 5. d3 d6 6. f4 e5 7. c3 Nge7 8. Nf3 O-O 9. O-O exf4 10. Bxf4 h6 11. Qd2 g5 12. Be3 Be6 13. h4 g4 14. Ne1 h5 15. Nec2 Qd7 16. Bh6 f6 17. Bxg7 Kxg7 18. Ne3 Rae8 19. Nac2 d5 20. exd5 Nxd5 21. Nxd5 Bxd5 22. Bxd5 Qxd5 23. Ne3 Qd7 24. Nf5+ Kg8 25. d4 cxd4 26. cxd4 Ne7 27. Qd3 Nxf5 28. Rxf5 Re3 29. Qxe3 Qxf5 30. Qb3+ Rf7 31. Rf1 Qe4 32. Rf4 Qe1+ 33. Rf1 Qe4 34. Rf4 Qe1+ 35. Rf1 1/2-1/2

[Event "It (Open) Ledyard USA"]
[Site "?"]
[Date "2006.04.14"]
[Round "4"]
[White "Ibragimov Ildar"]
[Black "Gallagher Joseph G"]
[Result "1/2-1/2"]
[WhiteElo "2702"]
[BlackElo "2573"]
[PlyCount "87"]
[EventDate "2006.??.??"]
[Source "www.chesslib.no"]
[SourceDate "2004.05.04"]

1. e4 c5 2. d3 Nc6 3. g3 g6 4. Bg2 Bg7 5. f4 d6 6. Nf3 e6 7. O-O Nge7 8. c3 O-O 9. Be3 b6 10. Re1 e5 11. Na3 exf4 12. Bxf4 d5 13. e5 h6 14. d4 Be6 15. Nc2 c4 16. Qd2 Kh7 17. h4 Qd7 18. Kh2 b5 19. Ng1 a5 20. Re2 Rab8 21. a3 Rb6 22. Ne3 b4 23. axb4 axb4 24. Rf2 Rb5 25. Bh3 Rfb8 26. Bxe6 Qxe6 27. Nh3 bxc3 28. bxc3 Rb1 29. Rxb1 Rxb1 30. Bg5 Ng8 31. h5 Bxe5 32. dxe5 Nxe5 33. Nf4 Qc6 34. Qd4 Rb2 35. hxg6+ fxg6 36. Qa7+ Rb7 37. Qa5 hxg5 38. Nfxd5 Nd3 39. Ra2 Nf6 40. Qd8 Nxd5 41. Nxd5 Qe6 42. Nf6+ Kg7 43. Ne8+ Kh7 44. Nf6+ 1/2-1/2

[Event "Buenos Aires ol (Men)"]
[Site "Buenos Aires ARG"]
[Date "1978.??.??"]
[Round "9"]
[White "Spassky, Boris Vasily"]
[Black "Huebner, Robert"]
[Result "1/2-1/2"]
[WhiteElo "2630"]
[BlackElo "2595"]
[PlyCount "24"]
[EventDate "1978.10.25"]
[Source "www.chesslib.no"]
[SourceDate "2004.05.04"]

1. e4 c5 2. b3 d6 3. Bb2 Nf6 4. Bb5+ Bd7 5. Bxd7+ Qxd7 6. Bxf6 gxf6 7. Qh5 Nc6 8. Nc3 f5 9. Qxf5 Qxf5 10. exf5 Nd4 11. O-O-O Nxf5 12. Nf3 Rd8 1/2-1/2

[Event "60th ch-RUS Higher League"]
[Site "Krasnoyarsk RUS"]
[Date "2007.09.04"]
[Round "2"]
[White "Zvjaginsev, V."]
[Black "Kornev, Alexei"]
[Result "1/2-1/2"]
[WhiteElo "2658"]
[BlackElo "2567"]
[PlyCount "135"]
[EventDate "2007.09.03"]
[Source "www.chesslib.no"]
[SourceDate "2004.05.04"]

1. e4 c5 2. d3 Nc6 3. g3 d5 4. Nd2 Nf6 5. Bg2 e5 6. Ngf3 Be7 7. O-O O-O 8. c3 d4 9. Nc4 Qc7 10. a4 Be6 11. Qc2 Nd7 12. Nfd2 b6 13. f4 f6 14. Nf3 a6 15. Na3 dxc3 16. bxc3 Na5 17. Nd2 Rab8 18. Rb1 Rfc8 19. Ndc4 Nxc4 20. dxc4 Qc6 21. Rd1 Nf8 22. Be3 Bd7 23. Rd5 Qxa4 24. Qxa4 Bxa4 25. Bh3 Re8 26. fxe5 fxe5 27. Rxe5 Ng6 28. Be6+ Kh8 29. Rd5 Bf6 30. Rd6 Bd8 31. Bd5 Bc7 32. Re6 Rxe6 33. Bxe6 Rf8 34. Kg2 h6 35. h4 Bc6 36. Bd5 Bd7 37. Nc2 Bg4 38. Ne1 Be2 39. Rb2 Bf1+ 40. Kh2 Ne5 41. Bf4 Ng4+ 42. Kg1 Bxf4 43. gxf4 Rxf4 44. Rxb6 Be2 45. Rb8+ Kh7 46. h5 Rf1+ 47. Kg2 Ne3+ 48. Kg3 Bxh5 49. Ng2 Rf3+ 50. Kh2 Ng4+ 51. Kg1 g5 52. Rb7+ Kh8 53. Rb8+ Kg7 54. Rb7+ Kf8 55. Rb8+ Ke7 56. Rb7+ Kd8 57. Rb8+ Kc7 58. Rb7+ Kc8 59. Rh7 Rf6 60. Ne1 Ne5 61. Re7 Ng6 62. Rh7 Nf4 63. e5 Rf5 64. Nd3 Kd8 65. Be4 Rf7 66. Rxh6 Nxd3 67. Bxd3 Bg4 68. Rxa6 1/2-1/2

[Event "Synthesia Rapid Open"]
[Site "Pardubice CEC"]
[Date "2007.07.18"]
[Round "5"]
[White "Movsesian, S."]
[Black "Kryakvin, D."]
[Result "1-0"]
[WhiteElo "2667"]
[BlackElo "2554"]
[PlyCount "81"]
[EventDate "2007.07.18"]
[Source "www.chesslib.no"]
[SourceDate "2004.05.04"]

1. e4 c5 2. d3 Nc6 3. g3 g6 4. Bg2 Bg7 5. f4 d6 6. Nf3 e6 7. O-O Nge7 8. c3 O-O 9. Be3 b6 10. Bf2 Bb7 11. Na3 Qd7 12. Re1 Rae8 13. d4 cxd4 14. cxd4 Rc8 15. Qd2 Na5 16. b3 Ba6 17. Rad1 Qc7 18. Rc1 Qb8 19. Nc2 Bb7 20. h4 Rc7 21. h5 gxh5 22. d5 exd5 23. e5 dxe5 24. fxe5 Ng6 25. Ncd4 Rxc1 26. Qxc1 Qc8 27. Qd2 Nc6 28. Kh2 Nxd4 29. Nxd4 Qc7 30. Nf5 d4 31. Bxd4 Bxg2 32. Qxg2 Rd8 33. Qe4 Rxd4 34. Nxd4 Bxe5 35. Nf5 h4 36. Kh3 hxg3 37. Qa8+ Nf8 38. Qe8 f6 39. Re4 Bd6 40. Rg4+ Kh8 41. Nh6 1-0

[Event "35th World Open"]
[Site "King of Prussia USA"]
[Date "2007.06.03"]
[Round "6"]
[White "Ibragimov, I."]
[Black "Predojevic, B."]
[Result "1/2-1/2"]
[WhiteElo "2602"]
[BlackElo "2609"]
[PlyCount "74"]
[EventDate "2007.06.30"]
[Source "www.chesslib.no"]
[SourceDate "2004.05.04"]

1. e4 c5 2. d3 e6 3. g3 d5 4. Nd2 Bd6 5. Bg2 Ne7 6. f4 Nbc6 7. Ngf3 O-O 8. e5 Bc7 9. O-O b5 10. Nb3 Bb6 11. Be3 Nf5 12. Bf2 c4 13. dxc4 bxc4 14. Nbd4 Ncxd4 15. Nxd4 Nxd4 16. Bxd4 Rb8 17. b3 a5 18. Rf2 Ba6 19. f5 exf5 20. Rxf5 Bc8 21. Rf4 Be6 22. Qd2 Qc7 23. Re1 Rfc8 24. Qf2 h6 25. h4 Bxd4 26. Rxd4 cxb3 27. cxb3 Rb4 28. Rd2 Rd8 29. Rd4 Rc8 30. Rd2 Rd8 31. Rd4 Qc3 32. Red1 Rxd4 33. Rxd4 Rc8 34. Kh2 Rc5 35. Qd2 Qa1 36. Bxd5 Rxd5 37. Rxd5 Bxd5 1/2-1/2

[Event "JUG-chT playoff f"]
[Site "Novi Sad"]
[Date "2000.09.09"]
[Round "2.1"]
[White "Nevednichy, Vladislav"]
[Black "Sakaev, Konstantin"]
[Result "1/2-1/2"]
[WhiteElo "2582"]
[BlackElo "2627"]
[PlyCount "59"]
[EventDate "2000.09.??"]
[Source "ChessBase"]
[SourceDate "2000.11.10"]

1. e4 e6 2. d3 c5 3. g3 Nc6 4. Bg2 g6 5. f4 Bg7 6. Nf3 Nge7 7. c3 O-O 8. O-O d6 9. Be3 Qd7 10. a4 b6 11. Na3 Bb7 12. Bf2 f5 13. exf5 gxf5 14. Re1 e5 15. fxe5 Nxe5 16. d4 Nxf3+ 17. Bxf3 Bxf3 18. Qxf3 cxd4 19. Bxd4 Bxd4+ 20. cxd4 d5 21. Nb5 f4 22. g4 Ng6 23. Kh1 Kh8 24. Nc3 Rad8 25. Rad1 Qf7 26. h3 Nh4 27. Qf2 Ng6 28. Qf3 Nh4 29. Qf2 Ng6 30. Qf3 1/2-1/2

[Event "Elista (ol) 73/171"]
[Site "?"]
[Date "1998.??.??"]
[Round "?"]
[White "Fedorov, Alexei"]
[Black "Illescas Cordoba, Miguel"]
[Result "1-0"]
[WhiteElo "2600"]
[BlackElo "2605"]
[PlyCount "71"]
[EventDate "1998.??.??"]
[Source "ChessBase"]
[SourceDate "1998.06.01"]

1. e4 c5 2. d3 Nc6 3. g3 g6 4. Bg2 Bg7 5. f4 d6 6. Nf3 Nf6 7. h3 e5 8. g4 exf4 9. Bxf4 d5 10. e5 Nd7 11. O-O O-O 12. Nc3 Ndxe5 13. Nxe5 Nxe5 14. Nxd5 Be6 15. c4 Bxd5 16. Bxd5 Qd7 17. Rb1 Rae8 18. b4 cxb4 19. Rxb4 b6 20. Kh1 h5 21. d4 Nc6 22. Qa4 Rc8 23. Rb3 hxg4 24. Rg3 Bxd4 25. Rxg4 Kg7 26. Bh2 Bc5 27. Qb3 Rce8 28. Qc3+ f6 29. Rxg6+ Kxg6 30. Qg3+ Kh7 31. Rf4 Be3 32. Rh4+ Bh6 33. Qd3+ Kg7 34. Bf4 Rh8 35. Qg3+ Kf8 36. Bd6+ 1-0

[Event "RUS-Cup final"]
[Site "Samara"]
[Date "1998.08.29"]
[Round "1"]
[White "Fedorov, Alexei"]
[Black "Filippov, Valerij"]
[Result "0-1"]
[WhiteElo "2600"]
[BlackElo "2595"]
[PlyCount "146"]
[EventDate "1998.08.??"]
[Source "ChessBase"]
[SourceDate "1998.11.30"]

1. e4 c5 2. d3 Nc6 3. g3 d5 4. Nd2 e5 5. exd5 Qxd5 6. Ngf3 Be6 7. Bg2 f6 8. O-O Qd7 9. a3 Nge7 10. Ne4 Nf5 11. c3 O-O-O 12. b4 Qxd3 13. Nfd2 c4 14. Qa4 Kb8 15. Re1 Rc8 16. Bf1 Qd7 17. b5 Nce7 18. Nxc4 Nd5 19. Rb1 Qc7 20. Na5 Nb6 21. Qd1 Nd6 22. Nxd6 Qxd6 23. Qc2 Qc7 24. Bd2 Bxa3 25. Bg2 Bd5 26. Bxd5 Nxd5 27. c4 Bc5 28. Qa2 Nb6 29. Ra1 Rhd8 30. Be3 Nd7 31. Nb3 Bxe3 32. Rxe3 Qb6 33. Na5 Nc5 34. Ra3 Ne4 35. Nb3 Nc3 36. Qc2 Nxb5 37. R3a2 a6 38. Na5 Nd4 39. Qe4 Rc7 40. Rb1 f5 41. Rxb6 fxe4 42. Rab2 Rdd7 43. Rxa6 Nf3+ 44. Kg2 Ne1+ 45. Kf1 Rd1 46. Rb5 Nd3+ 47. Kg2 Rd2 48. Nc6+ Rxc6 49. Rxc6 e3 50. Re6 Rxf2+ 51. Kh3 Kc7 52. Rbxe5 Nxe5 53. Rxe5 e2 54. c5 Kc6 55. g4 Kb5 56. Kg3 Rf7 57. h4 Kc4 58. Rxe2 Kxc5 59. Rc2+ Kd4 60. Rb2 Kc4 61. Rc2+ Kb3 62. Rc5 Kb4 63. Rc8 b5 64. Ra8 Kb3 65. Rh8 h6 66. g5 hxg5 67. hxg5 Rb7 68. Kf4 b4 69. g6 Kc4 70. Rf8 Kd5 71. Rf7 Kc6 72. Ke3 b3 73. Kd2 b2 0-1

[Event "RUS-Cup final"]
[Site "Samara"]
[Date "1998.09.08"]
[Round "10"]
[White "Fedorov, Alexei"]
[Black "Balashov, Yuri S"]
[Result "1/2-1/2"]
[WhiteElo "2600"]
[BlackElo "2580"]
[PlyCount "57"]
[EventDate "1998.08.??"]
[Source "ChessBase"]
[SourceDate "1998.11.30"]

1. e4 c5 2. d3 Nc6 3. g3 g6 4. Bg2 Bg7 5. f4 d6 6. Nf3 e6 7. O-O Nge7 8. c3 O-O 9. Na3 Rb8 10. Nc2 b5 11. a3 a5 12. Be3 b4 13. axb4 axb4 14. d4 bxc3 15. bxc3 cxd4 16. cxd4 Na5 17. Bf2 Bb7 18. Qd3 Bc6 19. Rfb1 Rxb1+ 20. Rxb1 d5 21. e5 Nc4 22. g4 Ba4 23. Ne3 Nxe3 24. Bxe3 Qc7 25. Qa6 Qc4 26. Qb7 Nc6 27. Rc1 Qd3 28. Re1 Na5 29. Qb4 1/2-1/2

[Event "Camp. russo a squadre 2007"]
[Site "Sochi RUS"]
[Date "2007.05.05"]
[Round "4"]
[White "Savchenko, B."]
[Black "Belov, Vl"]
[Result "1/2-1/2"]
[WhiteElo "2583"]
[BlackElo "2586"]
[PlyCount "26"]
[EventDate "2007.05.02"]
[Source "www.chesslib.no"]
[SourceDate "2004.05.04"]

1. e4 c5 2. Na3 b6 3. g3 Bb7 4. Bg2 d5 5. e5 Nc6 6. f4 e6 7. Nf3 Nh6 8. O-O Be7 9. c3 d4 10. Nc4 Qd7 11. Ng5 b5 12. Nd6+ Bxd6 13. exd6 Nd8 1/2-1/2

[Event "RUS"]
[Site "?"]
[Date "2006.04.23"]
[Round "4"]
[White "Savchenko Boris"]
[Black "Belov Vladimir"]
[Result "1-0"]
[WhiteElo "2568"]
[BlackElo "2599"]
[PlyCount "65"]
[EventDate "2006.??.??"]
[Source "www.chesslib.no"]
[SourceDate "2004.05.04"]

1. e4 c5 2. Na3 Nc6 3. Bb5 g6 4. d3 Bg7 5. c3 Nf6 6. f4 O-O 7. Nf3 Na5 8. O-O a6 9. Ba4 b5 10. Bc2 d6 11. Qe1 Rb8 12. Qh4 b4 13. Nc4 bxc3 14. bxc3 Nxc4 15. dxc4 Qa5 16. Qe1 Nd7 17. e5 Nb6 18. Rb1 Bg4 19. Ng5 h6 20. Nxf7 Rxf7 21. Bxg6 Qxa2 22. exd6 exd6 23. f5 Rf6 24. Rb2 Qa5 25. h3 Rbf8 26. hxg4 Nxc4 27. Rb7 Ne5 28. g5 hxg5 29. Bxg5 Nxg6 30. Bxf6 Rxf6 31. fxg6 Rxg6 32. Qh4 Bh6 33. Rf8+ 1-0

[Event "Ch France (team) (nat.1) 2007/08"]
[Site "France"]
[Date "2007.12.15"]
[Round "4"]
[White "Todorov Todor (BUL)"]
[Black "Smirin Ilia (ISR)"]
[Result "0-1"]
[WhiteElo "2510"]
[BlackElo "2649"]
[PlyCount "114"]
[EventDate "2007.??.??"]
[Source "www.chesslib.no"]
[SourceDate "2004.05.04"]

1. e4 c5 2. b3 Nf6 3. Nc3 Nc6 4. Bb2 a6 5. f4 d5 6. exd5 Nd4 7. Nce2 Nxd5 8. Nxd4 cxd4 9. Bxd4 Nxf4 10. Be5 Ng6 11. Bb2 e5 12. Qh5 Be6 13. Nf3 Qc8 14. O-O-O Bf5 15. Bc4 b5 16. Nxe5 bxc4 17. Rde1 Be7 18. Nxg6 fxg6 19. Qh4 Ra7 20. bxc4 Kd8 21. Rxe7 Rxe7 22. Bxg7 Rhe8 23. Bf6 Qc5 24. Re1 Kd7 25. Rxe7+ Rxe7 26. Bxe7 Qxe7 27. Qd4+ Kc8 28. d3 h5 29. g3 Qe1+ 30. Kb2 Qb4+ 31. Kc1 a5 32. Qh8+ Kb7 33. Qg7+ Kc6 34. Qf6+ Qd6 35. Qb2 Qc5 36. Qf6+ Kd7 37. Qf7+ Kc6 38. Qe8+ Kc7 39. Qf7+ Kd8 40. Qg8+ Ke7 41. Qg7+ Ke6 42. Qg8+ Kf6 43. h4 Be6 44. Qd8+ Kf7 45. Qb8 a4 46. Qb7+ Kf6 47. Qb8 a3 48. Qf4+ Bf5 49. Qg5+ Ke6 50. Qf4 Qe5 51. Qf2 Bxd3 52. Qb6+ Kf5 53. cxd3 Qc3+ 54. Kd1 Qxd3+ 55. Ke1 Qe4+ 56. Kd1 Qg4+ 57. Kd2 Qxc4 0-1

[Event "Campionato europeo 2007"]
[Site "Dresda GER"]
[Date "2007.04.11"]
[Round "8.36"]
[White "Fedorov, Alexei"]
[Black "Bobras, Piotr"]
[Result "1/2-1/2"]
[WhiteElo "2611"]
[BlackElo "2545"]
[PlyCount "63"]
[EventDate "2007.04.03"]
[Source "www.chesslib.no"]
[SourceDate "2004.05.04"]

1. e4 c5 2. d3 Nc6 3. g3 d5 4. Nd2 Nf6 5. Bg2 g6 6. Ne2 Bg7 7. O-O O-O 8. exd5 Nxd5 9. Nb3 Qd6 10. d4 cxd4 11. Nexd4 Nxd4 12. Nxd4 Rd8 13. c3 e5 14. Nb5 Qc5 15. Qe2 Bf5 16. Rd1 Nc7 17. Na3 Rxd1+ 18. Qxd1 Qe7 19. Be3 e4 20. Nc2 Rd8 21. Qe2 b6 22. Bd4 Ne6 23. Bxg7 Kxg7 24. Re1 Qg5 25. Ne3 Rd3 26. Rd1 Nc5 27. Rxd3 exd3 28. Qd2 Qf6 29. f3 Be6 30. b3 h5 31. f4 h4 32. Nd1 1/2-1/2

[Event "Campionato europeo 2007"]
[Site "Dresda GER"]
[Date "2007.04.14"]
[Round "11.43"]
[White "Shanava, Konstantine"]
[Black "Wojtaszek, Radoslaw"]
[Result "1/2-1/2"]
[WhiteElo "2532"]
[BlackElo "2620"]
[PlyCount "21"]
[EventDate "2007.04.03"]
[Source "www.chesslib.no"]
[SourceDate "2004.05.04"]

1. e4 c5 2. b3 Nc6 3. Bb2 e6 4. Nc3 a6 5. Nf3 Qc7 6. g3 Nf6 7. Bg2 Be7 8. O-O O-O 9. d4 cxd4 10. Nxd4 d6 11. Kh1 1/2-1/2

[Event "FRA-ch Second stage"]
[Site "Besancon"]
[Date "1999.08.24"]
[Round "1.1"]
[White "Koch, Jean Rene"]
[Black "Lautier, Joel"]
[Result "1-0"]
[WhiteElo "2510"]
[BlackElo "2638"]
[PlyCount "95"]
[EventDate "1999.08.23"]
[Source "ChessBase"]
[SourceDate "1999.12.01"]

1. e4 c5 2. d3 Nc6 3. g3 d5 4. Bg2 dxe4 5. dxe4 Qxd1+ 6. Kxd1 b6 7. Be3 Ba6 8. Nh3 Rd8+ 9. Kc1 Nf6 10. f3 g6 11. Nf2 Bg7 12. Bf1 Bxf1 13. Rxf1 Nd4 14. Nd2 Ne2+ 15. Kb1 Nd7 16. Re1 Nd4 17. c3 Nc6 18. Kc2 h5 19. f4 Bd4 20. Nf3 Bxe3 21. Rxe3 e5 22. f5 Ne7 23. Re2 gxf5 24. exf5 f6 25. Nh4 Nb8 26. Rd2 Rxd2+ 27. Kxd2 Kf7 28. Ne4 Rd8+ 29. Ke2 Nbc6 30. Rd1 Rxd1 31. Kxd1 Nc8 32. Ng2 Na5 33. Ne3 Kg7 34. Nd5 Nc4 35. Ndxf6 Kh6 36. Ke2 Nxb2 37. h3 Ne7 38. g4 hxg4 39. hxg4 Nc4 40. Ne8 Kh7 41. Kf3 a5 42. N8d6 Nxd6 43. Nxd6 Nd5 44. c4 Nc3 45. g5 a4 46. f6 Nxa2 47. f7 Kg7 48. g6 1-0

[Event "It (Men) Villa Martelli ARG"]
[Site "?"]
[Date "2005.08.24"]
[Round "7"]
[White "Rodriguez Andres"]
[Black "Felgaer Ruben"]
[Result "1/2-1/2"]
[WhiteElo "2523"]
[BlackElo "2618"]
[PlyCount "74"]
[EventDate "2005.??.??"]
[Source "www.chesslib.no"]
[SourceDate "2004.05.04"]

1. e4 c5 2. d3 Nc6 3. g3 g6 4. Bg2 Bg7 5. f4 e6 6. Nf3 Nge7 7. O-O O-O 8. c3 b6 9. d4 d5 10. e5 Ba6 11. Re1 Rc8 12. Na3 cxd4 13. cxd4 Qd7 14. Qd2 f6 15. exf6 Bxf6 16. b3 Nf5 17. Bb2 Rfe8 18. Nc2 h5 19. Rad1 Qg7 20. Qf2 Nd8 21. Ng5 Bb5 22. Rd2 Re7 23. h3 h4 24. g4 Ng3 25. a4 Bd7 26. Qe3 Nf7 27. Nb4 Ree8 28. Nd3 Nxg5 29. fxg5 Be7 30. Rf2 Rf8 31. Bxd5 exd5 32. Qxe7 Qxe7 33. Rxe7 Rxf2 34. Kxf2 Rc2+ 35. Kf3 Rd2 36. Ne5 Nf1 37. Bc1 Rd1 1/2-1/2

[Event "Corus-B"]
[Site "Wijk aan Zee"]
[Date "2001.01.16"]
[Round "1"]
[White "Visser, Yge"]
[Black "Gurevich, Mikhail"]
[Result "1/2-1/2"]
[WhiteElo "2442"]
[BlackElo "2694"]
[PlyCount "82"]
[EventDate "2001.01.13"]
[Source "ChessBase"]
[SourceDate "2001.03.20"]

1. e4 e6 2. d3 c5 3. g3 Nc6 4. Bg2 g6 5. f4 Bg7 6. Nf3 Nge7 7. O-O O-O 8. c3 d6 9. Be3 f5 10. Nbd2 b6 11. Bf2 Qd7 12. Re1 Bb7 13. Qb3 Na5 14. Qc2 e5 15. fxe5 dxe5 16. exf5 Rxf5 17. Be3 Raf8 18. Ng5 Bxg2 19. Kxg2 Bh6 20. Nge4 Rh5 21. Kg1 Bxe3+ 22. Rxe3 Rhf5 23. a3 Nd5 24. Re2 Kg7 25. b4 cxb4 26. axb4 Nxb4 27. cxb4 Qd4+ 28. Kg2 Qxa1 29. bxa5 Qxa5 30. Nc4 Qd5 31. Ne3 Qb7 32. Kg1 Rf3 33. Qc3 Qe7 34. Ng4 R3f5 35. Ne3 R5f7 36. Ng4 Rf1+ 37. Kg2 R1f5 38. Ne3 Rf3 39. Ng4 R3f5 40. Ne3 R5f7 41. Ng4 Rf5 1/2-1/2

[Event "Russian Cup f"]
[Site "Sochi"]
[Date "1997.??.??"]
[Round "5"]
[White "Fedorov, Alexei"]
[Black "Filippov, Valerij"]
[Result "0-1"]
[WhiteElo "2600"]
[BlackElo "2535"]
[PlyCount "86"]
[EventDate "1997.09.17"]
[Source "ChessBase"]
[SourceDate "1998.01.31"]

1. e4 c5 2. d3 Nc6 3. g3 g6 4. Bg2 Bg7 5. f4 d6 6. Nh3 e5 7. O-O Nge7 8. f5 gxf5 9. Qh5 O-O 10. Ng5 h6 11. exf5 Bxf5 12. Rxf5 Nxf5 13. Ne4 d5 14. Nf2 Nfe7 15. Ng4 Qd6 16. Nxh6+ Bxh6 17. Bxh6 Rfd8 18. Nc3 Qg6 19. Qh3 Rd6 20. Bd2 Kg7 21. g4 Rh8 22. Qg3 f5 23. Nb5 f4 24. Qf2 Rf6 25. h3 f3 26. Bf1 d4 27. c4 e4 28. dxe4 Ne5 29. g5 Rh5 30. Kh1 Rxg5 31. Bxg5 Qxg5 32. b4 N7g6 33. Nc7 Qe3 34. Kg1 Nf4 35. Ne8+ Kf7 36. Nxf6 Kxf6 37. Rd1 b6 38. bxc5 bxc5 39. a4 a5 40. Rd2 Nxc4 41. Rd1 Ne5 42. Rd2 Kg5 43. Rd1 Ne2+ 0-1

[Event "Capablanca mem Elite 39th"]
[Site "Havana"]
[Date "2004.05.14"]
[Round "7"]
[White "Maiwald, Jens Uwe"]
[Black "Felgaer, Ruben"]
[Result "0-1"]
[WhiteElo "2543"]
[BlackElo "2592"]
[PlyCount "108"]
[EventDate "2004.05.06"]
[Source "ChessBase"]
[SourceDate "2004.07.27"]

1. e4 c5 2. d3 Nc6 3. g3 g6 4. Bg2 Bg7 5. f4 e6 6. Nf3 Nge7 7. O-O O-O 8. c3 b6 9. Na3 Ba6 10. Re1 Qc7 11. Be3 Rad8 12. Bf2 f5 13. exf5 gxf5 14. d4 c4 15. Qa4 Na5 16. Nd2 Nd5 17. Rac1 Bb7 18. Qd1 Rc8 19. Qe2 a6 20. Nc2 b5 21. Ne3 Nf6 22. d5 Nxd5 23. Nxd5 Bxd5 24. Bxd5 exd5 25. Nf3 Nc6 26. Qd2 Qd6 27. Rcd1 b4 28. Ne5 bxc3 29. Qxc3 Bxe5 30. fxe5 Qe6 31. Qd2 Nxe5 32. Qg5+ Qg6 33. Qxg6+ Nxg6 34. Rxd5 Rc7 35. Bd4 f4 36. Kg2 Rb8 37. h4 fxg3 38. Kxg3 Rb5 39. Rd6 Rf5 40. Kg4 Rf7 41. h5 Ne7 42. Rxa6 Rc8 43. Ra5 d5 44. Re5 Rg7+ 45. Rg5 Rxg5+ 46. Kxg5 Kf7 47. Ra7 Ke6 48. Bg7 Nc6 49. Ra6 Kf7 50. Kh6 Kg8 51. a4 d4 52. a5 Nd8 53. Rf6 Rc6 54. Rxc6 Nf7# 0-1